000 00488nam a2200169Ia 4500
008 090201s9999 xx 000 0 und d
010 _aKPL-50277
040 _bमराठी
041 _aमराठी
082 _a51425
_b50277
100 _aसुरेश वैद्य
245 _aसावर
_cसुरेश वैद्य
260 _c2007
_bदिलीप प्रकाशन
300 _a224
_bमध्यम
600 _aसावर
942 _cBOOK
999 _c247904
_d247904